00313nam a2200109Ia 4500008004000000082001900040100002200059245003200081260003700113300001200150650004100162210210b1985 xxu||||| |||| 00| 0 eng d a809.88914 SRIE aSRINIVASAN (K S). aEthos of Indian literature. aN DbChanakya Publicationsc1985 axii,244 aIndian Literature Romantic Tradition